000 00271nam a2200097Ia 4500
008 230915s9999 xx 000 0 und d
050 _aHF5691.H86 2009
100 _aS.A HUMMELBRUNNER
245 0 _aCONTEMPORARY BUSINESS MATHEMATICS WITH CANADIAN APPLICATIONS
942 _cBK
999 _c84086
_d84086